LEADER 01387naa a2200265 a 4500 001 000000120318 003 CaOOAMICUS 005 20100225092323.0 008 100225t2009 it u000 ubita r 040 $aPUL$bita$dReb 245 02$aL'Europa. Miti, luoghi, divi /$cacura di Gian Piero Brunetta. 260 $aMilano :$bIl Sole 24 ore,$c©2009$aTorino :$bGiulio Einaudi 300 $a2 v. ;$c22 cm. 500 $aEdizione speciale per il Sole 24 Ore. Pubblicata su licenza di Giulio Einaudi editore. 504 $aInclude riferimenti bibliografici ed indice. 650 4$aCinema$xStoria e critica.$0(OLS)http://pul/subject/23448 700 1 $aBrunetta, Gian Piero.$0(OLS)http://pul/name/23534 773 1 $tStoria del cinema mondiale.$dMilano : Il Sole 24 ore, ©2009 Torino : Giulio Einaudi $w()118347 850 $aPUL 852 $aPUL$W1$xDP2 Cons. Gen., Altre Classi 3$y97$m791. 4 COLL 1.2$j137950$qDDC 21$B137109$CPULBib$Z2$F137109 $H118347 $82 852 $aPUL$W1$xDP2 Cons. Gen., Altre Classi 3$y97$m791. 4 COLL 1.1$j137949$qDDC 21$B137108$CPULBib$Z2$F137108 $H111709 $82 941 1 $a9 996 $6245$aL'Europa. Miti, luoghi, divi$9(OLS)http://pul/title/149825 996 $6260$aMilano :$bIl Sole 24 ore$9(OLS)http://pul/publisher/69212 996 $6260$aTorino :$bGiulio Einaudi$9(OLS)http://pul/publisher/54573 LEADER 01186nam a2200301 a 4500 001 000000149744 003 CaOOAMICUS 005 20160225133526.0 008 160225s1987 it u000 u ita r 020 $a88-396-0016-7* 032 $aLibriCat 040 $aPUL$bita 100 1 $aMilano, Andrea,$d1938-$0(OLS)http://pul/name/12783 245 13$aLa Trinità dei teologi e dei filosofi : $bl'intelligenza della persona in Dio /$cAndrea Milano. 260 $aNapoli :$bDehoniane,$c1987. 300 $aXV, 323 p. ;$c22 cm. 500 $aInclude indici. 504 $aBibliografia in nota. 650 4$aTrinità.$0(OLS)http://pul/subject/2463 850 $aPUL 852 $aPUL$W1$xDP1 Fondo Bordoni$y120$m3 I 78$j167092$qFondi$B174089$CPULBib$Z2$F174089 $HBor1952 $81 941 1 $a1 960 $aTeologia trinitaria$92463 960 $aTeologia trinitaria$92463 996 $6020$a88-396-0016-7*$9(OLS)http://pul/number/159851 996 $6245$aLa Trinità dei teologi e dei filosofi : $bl'intelligenza della persona in Dio$9(OLS)http://pul/title/188771 996 $6260$aNapoli :$bDehoniane$9(OLS)http://pul/publisher/51874